[Event "Hull 4NCL op-B"]
[Site "Hull"]
[Date "2023.09.10"]
[Round "5"]
[White "Dean, Robert A"]
[Black "Brocklehurst, Andrew"]
[Result "1-0"]
[WhiteElo "1716"]
[BlackElo "1805"]
[PlyCount "43"]
[EventDate "2023.09.08"]
[EventType "swiss"]
[EventRounds "5"]
[EventCountry "ENG"]
[SourceTitle "EXT 2024"]
[Source "ChessBase"]
[SourceDate "2023.10.10"]
[SourceVersion "1"]
[SourceVersionDate "2023.10.10"]
[SourceQuality "1"]

1. e4 c5 2. f4 Nc6 3. Nf3 d6 4. Bc4 e6 5. 0-0 Nf6 6. d3 a6 7. Nc3 b5 8. Bb3 Be7 9. Qe1 Bb7 10. Qg3 g6 11. f5 c4 12. dxc4 b4 13. fxe6 fxe6 14. Na4 Nxe4 15. Qg4 Ne5 16. Nxe5 dxe5 17. Be3 Bg5 18. Qxe6+ Qe7 19. Qxe7+ Bxe7 20. Rad1 h5 21. Nb6 Rd8 22. Ba4+ 1-0

[Event "Hull 4NCL op-B"]
[Site "Hull"]
[Date "2023.09.09"]
[Round "3"]
[White "Dean, Robert A"]
[Black "Gallagher, Dominic"]
[Result "1/2-1/2"]
[WhiteElo "1716"]
[BlackElo "1695"]
[PlyCount "54"]
[EventDate "2023.09.08"]
[EventType "swiss"]
[EventRounds "5"]
[EventCountry "ENG"]
[SourceTitle "EXT 2024"]
[Source "ChessBase"]
[SourceDate "2023.10.10"]
[SourceVersion "1"]
[SourceVersionDate "2023.10.10"]
[SourceQuality "1"]

1. e4 e5 2. Nf3 Nc6 3. Bb5 a6 4. Ba4 Nf6 5. 0-0 Be7 6. Re1 b5 7. Bb3 d6 8. c3 0-0 9. h3 Bb7 10. d4 h6 11. Nbd2 Re8 12. Nf1 Bf8 13. Ng3 g6 14. Nh4 Kg7 15. Qd2 Ng8 16. Nf3 Qd7 17. dxe5 Nxe5 18. Nxe5 Rxe5 19. f4 Re7 20. f5 Kh7 21. fxg6+ fxg6 22. Rf1 Rae8 23. Qd3 Bg7 24. Bf4 Be5 25. Rad1 Bxf4 26. Rxf4 Rg7 27. Rdf1 c5 1/2-1/2

[Event "Daventry 4NCL Easter op-B 2nd"]
[Site "Daventry"]
[Date "2022.04.16"]
[Round "3"]
[White "Dean, Robert A"]
[Black "Arora, Tashika"]
[Result "1/2-1/2"]
[WhiteElo "1909"]
[BlackElo "1986"]
[PlyCount "98"]
[EventDate "2022.04.15"]
[EventType "swiss"]
[EventRounds "7"]
[EventCountry "ENG"]
[SourceTitle "CBM 207 Extra"]
[Source "ChessBase"]
[SourceDate "2022.05.31"]
[SourceVersion "1"]
[SourceVersionDate "2022.05.31"]
[SourceQuality "1"]

1. Nf3 Nf6 2. d4 e6 3. Bg5 d5 4. Nbd2 Be7 5. e3 0-0 6. Bd3 b6 7. 0-0 Bb7 8. Ne5 Nbd7 9. Ndf3 Ne4 10. Bf4 c5 11. c3 f6 12. Nxd7 Qxd7 13. Rc1 Rad8 14. Re1 Bd6 15. Bxd6 Qxd6 16. Bb1 Qe7 17. Qc2 g6 18. Nd2 Nxd2 19. Qxd2 e5 20. f3 Rfe8 21. Qf2 Rd6 22. Qg3 Kh8 23. Qh4 f5 24. Qxe7 Rxe7 25. dxe5 Rxe5 26. Kf2 Kg7 27. Rcd1 Re7 28. a3 Rde6 29. Ba2 c4 30. Bb1 Kf6 31. g3 b5 32. Bc2 a5 33. h4 h5 34. Ra1 Rb6 35. Reb1 Rc7 36. f4 Bc6 37. Bd1 Rcb7 38. Bf3 Ke6 39. b4 cxb3 40. Rxb3 Kd6 41. Rab1 Kc5 42. Be2 b4 43. axb4+ axb4 44. cxb4+ Rxb4 45. Rxb4 Rxb4 46. Rxb4 Kxb4 47. Ba6 Bb5 48. Bc8 Kc5 49. Be6 Be8 1/2-1/2

[Event "Leamington Spa 4NCL op-B 26th"]
[Site "Leamington Spa"]
[Date "2021.09.12"]
[Round "5"]
[White "Dean, Robert A"]
[Black "Faulkner, Adam"]
[Result "0-1"]
[WhiteElo "1866"]
[BlackElo "1972"]
[PlyCount "70"]
[EventDate "2021.09.10"]
[EventType "swiss"]
[EventRounds "5"]
[EventCountry "ENG"]
[SourceTitle "EXT 2023"]
[Source "ChessBase"]
[SourceDate "2022.10.05"]
[SourceVersion "1"]
[SourceVersionDate "2022.10.05"]
[SourceQuality "1"]

1. e4 e5 2. Nf3 Nc6 3. Bb5 Nf6 4. 0-0 Nxe4 5. d4 Nd6 6. Bxc6 dxc6 7. Nxe5 Be7 8. Re1 0-0 9. Nc3 Nf5 10. Nf3 Be6 11. Bf4 Bf6 12. Be5 h6 13. Qe2 Re8 14. Rad1 Qe7 15. a3 Nd6 16. Bxf6 Qxf6 17. Ne5 Rad8 18. h3 Qg5 19. Qf3 Qf5 20. Ne4 Nxe4 21. Rxe4 f6 22. g4 Qg5 23. Nd3 Bd5 24. Rxe8+ Rxe8 25. Qg3 h5 26. f4 Qg6 27. f5 Qg5 28. Nf4 hxg4 29. Qxg4 Qxg4+ 30. hxg4 Re4 31. Ng6 Rxg4+ 32. Kf1 Be4 33. Re1 Bxf5 34. Ne7+ Kf7 35. Nxf5 Rf4+ 0-1

[Event "Harrogate 4NCL op 24th"]
[Site "Harrogate"]
[Date "2020.01.19"]
[Round "4"]
[White "Harris, John2222"]
[Black "Dean, Robert A"]
[Result "1/2-1/2"]
[WhiteElo "1556"]
[BlackElo "1771"]
[PlyCount "119"]
[EventDate "2020.01.17"]
[EventType "swiss"]
[EventRounds "5"]
[EventCountry "ENG"]
[SourceTitle "CBM 195 Extra"]
[Source "ChessBase"]
[SourceDate "2020.05.31"]
[SourceVersion "1"]
[SourceVersionDate "2020.05.31"]
[SourceQuality "1"]

1. d4 d5 2. Nf3 Nf6 3. Bf4 g6 4. e3 Bg7 5. h3 0-0 6. Nbd2 Nbd7 7. Bd3 c5 8. c3 Re8 9. Ne5 Nxe5 10. dxe5 Nd7 11. Nf3 e6 12. h4 Qc7 13. Qa4 Rf8 14. h5 Nxe5 15. Nxe5 Bxe5 16. hxg6 fxg6 17. Bh6 Bg7 18. Qh4 Bxh6 19. Qxh6 Qg7 20. Qh4 e5 21. 0-0-0 Be6 22. Rh2 d4 23. c4 dxe3 24. fxe3 Rad8 25. Kc2 Rd7 26. Be4 Rxd1 27. Kxd1 Qd7+ 28. Kc2 Bf5 29. Kc3 Rd8 30. Bd5+ Kg7 31. Qxh7+ Kf6 32. Qh4+ Kg7 33. e4 Bg4 34. Qg5 Re8 35. Rh4 Bd1 36. b3 Qc7 37. Kd2 Qa5+ 38. Kxd1 Qxa2 39. Rh3 Qa1+ 40. Kc2 Qa2+ 41. Kd1 Qa1+ 42. Qc1 Qd4+ 43. Qd2 Qa1+ 44. Ke2 Qg1 45. Kf3 Rf8+ 46. Kg3 Rf4 47. Bxb7 Qd4 48. Qe2 Qc3+ 49. Kh2 Qc1 50. Qd3 Rf7 51. Bd5 Rf1 52. Rf3 Qh6+ 53. Rh3 Qc1 54. Re3 Rh1+ 55. Kg3 Qg1 56. Qc3 Qh2+ 57. Kf2 Qh4+ 58. Rg3 Qf4+ 59. Ke2 Qf1+ 60. Ke3 1/2-1/2

[Event "Harrogate 4NCL op 24th"]
[Site "Harrogate"]
[Date "2020.01.18"]
[Round "2"]
[White "McKerracher, Douglas"]
[Black "Dean, Robert A"]
[Result "1-0"]
[WhiteElo "1852"]
[BlackElo "1771"]
[PlyCount "77"]
[EventDate "2020.01.17"]
[EventType "swiss"]
[EventRounds "5"]
[EventCountry "ENG"]
[SourceTitle "CBM 195 Extra"]
[Source "ChessBase"]
[SourceDate "2020.05.31"]
[SourceVersion "1"]
[SourceVersionDate "2020.05.31"]
[SourceQuality "1"]

1. e4 e6 2. d3 d5 3. Nd2 c5 4. Ngf3 Nc6 5. g3 Bd6 6. Bg2 Nge7 7. 0-0 Qc7 8. Re1 0-0 9. Qe2 f6 10. a4 Bd7 11. c3 Rae8 12. Nf1 b6 13. Bd2 Na5 14. b4 Nb3 15. Ra2 Nxd2 16. Qxd2 Nc6 17. b5 Na5 18. Qe2 dxe4 19. Qxe4 e5 20. Qe2 Be6 21. Rb2 c4 22. d4 exd4 23. Nxd4 Bf7 24. Qd1 Be5 25. Rbe2 Bxd4 26. Qxd4 Nb3 27. Qh4 Rxe2 28. Rxe2 Nc5 29. Ne3 Qe5 30. Kf1 Qxc3 31. Nd5 Qa1+ 32. Re1 Qxa4 33. Ne7+ Kh8 34. Bd5 Bxd5 35. Ng6+ Kg8 36. Nxf8 Kxf8 37. Qf4 Bb7 38. Qb8+ Kf7 39. Qe8# 1-0

[Event "London Classic op U1825 11th"]
[Site "London"]
[Date "2019.12.01"]
[Round "4"]
[White "Baroukh, Leon"]
[Black "Dean, Robert A"]
[Result "0-1"]
[WhiteElo "1630"]
[BlackElo "1771"]
[PlyCount "130"]
[EventDate "2019.11.29"]
[EventType "swiss"]
[EventRounds "5"]
[EventCountry "ENG"]
[SourceTitle "CBM 195 Extra"]
[Source "ChessBase"]
[SourceDate "2020.05.31"]
[SourceVersion "1"]
[SourceVersionDate "2020.05.31"]
[SourceQuality "1"]

1. d4 d5 2. c4 c6 3. Nc3 Nf6 4. Bg5 e6 5. e4 dxe4 6. Bxf6 Qxf6 7. Nxe4 Bb4+ 8. Ke2 Qg6 9. Qd3 Be7 10. f4 0-0 11. Nf3 Nd7 12. Rd1 Nf6 13. Nf2 Qxd3+ 14. Nxd3 b6 15. Nde5 Bb7 16. Rg1 Rad8 17. g4 c5 18. Bg2 cxd4 19. Nxd4 Bxg2 20. Rxg2 Bc5 21. Ndc6 Rxd1 22. Kxd1 a5 23. Ke2 Rc8 24. Kf3 Ne8 25. Rd2 f6 26. Na7 Ra8 27. Nec6 Nd6 28. b3 Kf7 29. h4 Ke8 30. Re2 Kd7 31. h5 b5 32. cxb5 Bxa7 33. Nxa5 Nxb5 34. Rd2+ Nd4+ 35. Ke4 Kc7 36. Nc4 Rd8 37. f5 e5 38. Rd3 Nb5 39. Rxd8 Kxd8 40. a4 Nd4 41. b4 h6 42. b5 Kc7 43. Kd5 Kd7 44. b6 Bb8 45. a5 Nc6 46. Kc5 e4 47. a6 Bh2 48. Kd5 Nb4+ 49. Kxe4 Nxa6 50. Kd5 Bg1 51. b7 Nb4+ 52. Ke4 Ba7 53. Na5 Kc7 54. Nc4 Bc5 55. Na5 Kb8 56. Kf3 Bb6 57. Nc4 Bc7 58. Ne3 Kxb7 59. Ng2 Kc6 60. Nh4 Kd5 61. Ng6 Bd6 62. Nh8 Nd3 63. Ng6 Ne5+ 64. Nxe5 fxe5 65. Ke3 e4 0-1

[Event "North Wales Major op 4th"]
[Site "Llandudno"]
[Date "2019.06.21"]
[Round "1"]
[White "Jones, Dewi"]
[Black "Dean, Robert A"]
[Result "1/2-1/2"]
[WhiteElo "1532"]
[BlackElo "1807"]
[PlyCount "43"]
[EventDate "2019.06.21"]
[EventType "swiss"]
[EventRounds "5"]
[EventCountry "WLS"]
[SourceTitle "EXT 2020"]
[Source "ChessBase"]
[SourceDate "2019.10.17"]
[SourceVersion "1"]
[SourceVersionDate "2019.10.17"]
[SourceQuality "1"]

1. e4 e6 2. d4 d5 3. exd5 exd5 4. Nf3 Bg4 5. h3 Bh5 6. Bd3 Nc6 7. g4 Bg6 8. Bxg6 hxg6 9. Qe2+ Be7 10. Be3 Nf6 11. Ne5 Nxe5 12. dxe5 Ne4 13. Nd2 Nxd2 14. Qxd2 c6 15. 0-0-0 Qc7 16. Qc3 0-0-0 17. Bc5 Bxc5 18. Qxc5 b6 19. Qc3 c5 20. f4 d4 21. Qf3 Kb8 22. Qe4 1/2-1/2

[Event "BCF-chT3N 1819 (4NCL)"]
[Site "England"]
[Date "2019.05.05"]
[Round "10.42"]
[White "Phillips, David A"]
[Black "Dean, Robert A"]
[Result "1-0"]
[WhiteElo "2032"]
[BlackElo "1807"]
[PlyCount "101"]
[EventDate "2018.11.10"]
[EventType "team-swiss"]
[EventRounds "11"]
[EventCountry "ENG"]
[SourceTitle "EXT 2021"]
[Source "ChessBase"]
[SourceDate "2020.10.23"]
[SourceVersion "1"]
[SourceVersionDate "2020.10.23"]
[SourceQuality "1"]
[WhiteTeam "Spirit of Atticus II"]
[BlackTeam "Bradford DCA Knights II"]
[WhiteTeamCountry "ENG"]
[BlackTeamCountry "ENG"]

1. Nf3 Nf6 2. g3 d6 3. d4 c6 4. Bg2 g6 5. b3 Bg7 6. Bb2 0-0 7. 0-0 Nbd7 8. c4 Qb6 9. Nc3 Re8 10. e4 e5 11. dxe5 dxe5 12. Qc2 Nc5 13. h3 Nh5 14. Kh2 Be6 15. Ba3 Rad8 16. Nd5 cxd5 17. cxd5 Rc8 18. dxe6 Nxe6 19. Qb2 Nd4 20. Rac1 Qa6 21. Rxc8 Rxc8 22. Rc1 Rc6 23. Rxc6 Nxc6 24. Qc1 Qd3 25. Qd2 Qa6 26. Qd6 h6 27. Nd2 Qe2 28. Kg1 Nd4 29. Nf1 Qxa2 30. Qb8+ Kh7 31. Bd6 Qxb3 32. Bxe5 Bxe5 33. Qxe5 Nf3+ 34. Bxf3 Qxf3 35. Ne3 Nf6 36. Qe7 Nxe4 37. Ng4 h5 38. Qxe4 Qxe4 39. Nf6+ Kg7 40. Nxe4 b5 41. f4 Kf8 42. Kf2 Ke7 43. Ke3 Kd7 44. Kd4 Kc6 45. Ng5 f6 46. Nh7 a5 47. Nxf6 a4 48. Nd5 a3 49. g4 hxg4 50. hxg4 Kd6 51. Nb4 1-0

[Event "BCF-chT3N 1819 (4NCL)"]
[Site "England"]
[Date "2019.05.04"]
[Round "9.42"]
[White "Dean, Robert A"]
[Black "Mounce, Richard B"]
[Result "0-1"]
[WhiteElo "1807"]
[BlackElo "1955"]
[PlyCount "72"]
[EventDate "2018.11.10"]
[EventType "team-swiss"]
[EventRounds "11"]
[EventCountry "ENG"]
[SourceTitle "EXT 2021"]
[Source "ChessBase"]
[SourceDate "2020.10.23"]
[SourceVersion "1"]
[SourceVersionDate "2020.10.23"]
[SourceQuality "1"]
[WhiteTeam "Bradford DCA Knights II"]
[BlackTeam "Jorvik"]
[WhiteTeamCountry "ENG"]
[BlackTeamCountry "ENG"]

1. e4 e5 2. Nf3 Nc6 3. Bb5 a6 4. Ba4 Nf6 5. 0-0 b5 6. Bb3 Bc5 7. c3 d6 8. d4 Bb6 9. h3 0-0 10. d5 Ne7 11. Nbd2 Bb7 12. Re1 c6 13. dxc6 Bxc6 14. Bc2 Qd7 15. Nf1 Ng6 16. Ng3 Nf4 17. Be3 Bxe3 18. Rxe3 Rad8 19. Qe1 Qb7 20. Rd1 Rd7 21. Nf5 Rfd8 22. Kh2 g6 23. Nh6+ Kg7 24. Ng4 Nxg4+ 25. hxg4 h6 26. g3 Ne6 27. b4 f6 28. Nd2 d5 29. exd5 Bxd5 30. Nb3 Bf3 31. Rxd7+ Rxd7 32. Rd3 Rxd3 33. Bxd3 Qd7 34. Qe3 Ng5 35. Nc5 Qxg4 36. Bf1 Qh5+ 0-1

[Event "BCF-chT3N 1819 (4NCL)"]
[Site "England"]
[Date "2019.02.09"]
[Round "5.42"]
[White "Dean, Robert A"]
[Black "Boswell, Jacob Connor"]
[Result "0-1"]
[WhiteElo "1807"]
[BlackElo "2095"]
[PlyCount "76"]
[EventDate "2018.11.10"]
[EventType "team-swiss"]
[EventRounds "11"]
[EventCountry "ENG"]
[SourceTitle "EXT 2021"]
[Source "ChessBase"]
[SourceDate "2020.10.23"]
[SourceVersion "1"]
[SourceVersionDate "2020.10.23"]
[SourceQuality "1"]
[WhiteTeam "Bradford DCA Knights III"]
[BlackTeam "Cheddleton II"]
[WhiteTeamCountry "ENG"]
[BlackTeamCountry "ENG"]

1. e4 e5 2. Nf3 Nc6 3. Bb5 a6 4. Ba4 Nf6 5. 0-0 Be7 6. Re1 b5 7. Bb3 0-0 8. a4 b4 9. d3 d6 10. h3 Na5 11. Ba2 b3 12. cxb3 c5 13. Bd2 Nc6 14. Na3 Rb8 15. Nc4 h6 16. Rb1 Be6 17. Qc1 Nb4 18. Bxb4 Rxb4 19. Qd2 Qb8 20. Rbc1 Nh5 21. Rc3 Bd8 22. Rec1 Nf4 23. R1c2 Kh8 24. Kf1 Bc7 25. Nh4 Qc8 26. Ne3 Bxh3 27. Nhf5 Bxf5 28. Nxf5 g6 29. Ne3 Ba5 30. Qd1 Rd4 31. b4 Bxb4 32. Rb3 Qd7 33. Rc4 Qxa4 34. Bb1 Qd7 35. Nc2 Qe7 36. Nxd4 Qh4 37. Nf3 Qh1+ 38. Ng1 Qxg2# 0-1